Statistics for Top 10 Tallest U.S. States on the Map

Click here to take the quiz!

General Stats

  • This quiz has been taken 11,048 times
  • The average score is 8 of 10

Answer Stats

miles state km % Correct
655California1054
98%
739Texas1190
96%
1149Alaska1850
94%
422Florida679
92%
484Idaho779
78%
484Nevada779
78%
392Arizona630
76%
392New Mexico630
74%
379Minnesota610
66%
383Illinois617
64%

Score Distribution

Percentile by Number Answered

Percent of People with Each Score

Your Score History

You have not taken this quiz